| 000 | 00646nam a22002057a 4500 | ||
|---|---|---|---|
| 005 | 20160704115354.0 | ||
| 010 | _aENG-115365 | ||
| 020 |
_a9788178441603 _c1875.00 |
||
| 035 | _aEN-98897 | ||
| 037 | _bDBAD/PUB | ||
| 082 | _a954.04 | ||
| 245 |
_a Post-independence India / _cedited by Muzaffar H. Syed |
||
| 260 |
_aNew Delhi _bK.K. Publications _c2014 |
||
| 270 |
_a4806/24,Bharat Ram Road,Daryaganj _bNew Delhi _e110002 |
||
| 300 |
_a418p. _c22cm(Hb) |
||
| 490 | _aHistory of Indian nation-4 | ||
| 500 | _aIncludes bibliographical references and index | ||
| 700 | _aSyed, Muzaffar H. | ||
| 942 |
_2ddc _cEN _mSYE _h954.04 |
||
| 999 |
_c101131 _d101131 |
||